Implementación del panel de control para fresadora Lab-Volt
Guardat en:
| Autor principal: | |
|---|---|
| Altres autors: | |
| Format: | Llibre |
| Idioma: | Spanish |
| Publicat: |
[San José, Costa Rica]
2012
|
| Matèries: | |
| Etiquetes: |
Afegir etiqueta
Sense etiquetes, Sigues el primer a etiquetar aquest registre!
|
MARC
| LEADER | 00000nam a22000007a 4500 | ||
|---|---|---|---|
| 003 | 010858 | ||
| 005 | 20240129093547.0 | ||
| 008 | 151026b2012 cr a|||| |||| 00| ||spa d | ||
| 040 | |c cru CEDI | ||
| 090 | |a TFG 6680 | ||
| 100 | |9 1356 |a Sánchez Blagoeva, Gabriel Santos, 1989- | ||
| 245 | |a Implementación del panel de control para fresadora Lab-Volt | ||
| 260 | |a [San José, Costa Rica] |c 2012 | ||
| 300 | |a xi, 105 hojas : ilustraciones | ||
| 500 | |a Proyecto de graduación (bachillerato en ingeniería eléctrica)--Universidad de Costa Rica. Facultad de Ingeniería. Escuela de Ingeniería Eléctrica | ||
| 501 | |a Profesora Guía de IE-0502 Proyecto Eléctrico: Ing. Aramis Pérez Mora | ||
| 650 | |x INGENIERÍA - PROCESAMIENTO DE DATOS |x FRESADORAS |9 1770 | ||
| 700 | |a Pérez Mora, Aramis, 1978- |d Director/a de Proyecto Eléctrico |9 1338 | ||
| 942 | |c CEDI | ||
| 999 | |c 14264 |d 14264 | ||
